History Quiz

Random History or Discovery Quiz

Franklin or Edison? Quiz Stats

 Plays Quiz Updated Jun 8, 2018

Challenge
Share
Tweet
Embed
Score 0/15 Timer 04:00
2 Plays Today
Accomplishment F or E? % Correct
Fathered a future governor of New Jersey???
97.8%
Invented bifocals???
95.2%
Invented the practical and affordable electric light bulb???
94.2%
Developed the first public lending library???
93.8%
Founded the first volunteer fire department???
91.4%
Invented the phonograph???
91.2%
Developed the electric power plant???
89.5%
Invented the lightning rod???
87.8%
Accomplishment F or E? % Correct
Invented the motion picture camera???
87.2%
Invented swim fins???
78.9%
Held over a thousand patents???
77.4%
Developed an improved stock ticker???
76.1%
Mapped Gulf Stream currents???
73.8%
Used an odometer to improve postal delivery???
58.6%
Developed an early fluoroscope???
57.5%

You're not logged in!

Compare scores with friends on all Sporcle quizzes.
Join for Free
OR
Log In

You Might Also Like...

Show Comments

Extras

Top Quizzes Today


Score Distribution

Your Account Isn't Verified!

In order to create a playlist on Sporcle, you need to verify the email address you used during registration. Go to your Sporcle Settings to finish the process.

Report this User

Report this user for behavior that violates our Community Guidelines.

Details: